Welcome to CU Library Online Public Access Catalogue (OPAC)

Structure & function of the body / (Record no. 2300)

MARC details
000 -LEADER
fixed length control field 00754cam a22002294a 4500
001 - CONTROL NUMBER
control field 14937918
005 - DATE AND TIME OF LATEST TRANSACTION
control field 20241215165348.0
008 - FIXED-LENGTH DATA ELEMENTS--GENERAL INFORMATION
fixed length control field 070723s2008 moua b 001 0 eng
020 ## - INTERNATIONAL STANDARD BOOK NUMBER
International Standard Book Number 9780323049665 (pbk. : alk. paper)
020 ## - INTERNATIONAL STANDARD BOOK NUMBER
International Standard Book Number 9780323049917 (hardcover : alk. paper)
050 00 - LIBRARY OF CONGRESS CALL NUMBER
Classification number QP34.5
Item number .T5 2008
082 00 - DEWEY DECIMAL CLASSIFICATION NUMBER
Classification number 612
Edition information 22
100 1# - MAIN ENTRY--PERSONAL NAME
Personal name Thibodeau, Gary A.,
Dates associated with a name 1938-
245 10 - TITLE STATEMENT
Title Structure & function of the body /
Statement of responsibility, etc. Gary A. Thibodeau, Kevin T. Patton.
250 ## - EDITION STATEMENT
Edition statement 13th ed.
260 ## - PUBLICATION, DISTRIBUTION, ETC.
Place of publication, distribution, etc. St. Louis, Mo. :
Name of publisher, distributor, etc. Mosby/Elsevier,
Date of publication, distribution, etc. c2008.
300 ## - PHYSICAL DESCRIPTION
Extent 1 v. (various pagings) :
Other physical details col. ill. ;
Dimensions 26 cm. +
Accompanying material 1 CD-ROM (4 3/4 in.)
650 #0 - SUBJECT ADDED ENTRY--TOPICAL TERM
Topical term or geographic name entry element Human physiology.
650 #0 - SUBJECT ADDED ENTRY--TOPICAL TERM
Topical term or geographic name entry element Human anatomy.
700 1# - ADDED ENTRY--PERSONAL NAME
Personal name Patton, Kevin T.
942 ## - ADDED ENTRY ELEMENTS (KOHA)
Source of classification or shelving scheme Library of Congress Classification
Koha item type Books
Edition 13th ed.
Suppress in OPAC No
999 ## -
-- 2300
-- 2300
Holdings
Withdrawn status Lost status Source of classification or shelving scheme Damaged status Not for loan Collection Home library Current library Shelving location Date acquired Total checkouts Full call number Barcode Date last seen Copy number Price effective from Koha item type
    Library of Congress Classification     Non-fiction Science Library (Miotso) Science Library (Miotso) General stacks 12/15/2024   QP34.5 .T5 THI SLM00001637 12/15/2024 1 12/15/2024 Books
© 2023-2024 Copyright: Central University Libraries. All Rights Reserved | Created by: Mahone Tech Office